Catálogo público

Uso de Bacillus megaterium como bacteria promotora de crecimiento vegetal en Zinnia elegans/ (Record no. 220783)

MARC details
000 -CABECERA
campo de control de longitud fija 04924nam a2200337 a 4500
003 - IDENTIFICADOR DEL NÚMERO DE CONTROL
campo de control OSt
005 - FECHA Y HORA DE LA ÚLTIMA TRANSACCIÓN
campo de control 20250815125834.0
007 - CAMPO FIJO DE DESCRIPCIÓN FÍSICA--INFORMACIÓN GENERAL
campo de control de longitud fija cr ||||||a|a|a
008 - DATOS DE LONGITUD FIJA--INFORMACIÓN GENERAL
campo de control de longitud fija 250807s2025 mx a|||fom||| 001 0 spa d
040 ## - FUENTE DE LA CATALOGACIÓN
Normas de descripción rda
100 1# - ENTRADA PRINCIPAL--NOMBRE DE PERSONA
Nombre de persona Reyes Solórzano, Juan Antonio
9 (RLIN) 190830
245 10 - MENCIÓN DE TÍTULO
Título Uso de Bacillus megaterium como bacteria promotora de crecimiento vegetal en Zinnia elegans/
Mención de responsabilidad, etc. por Juan Antonio Reyes Solórzano; director de tesis María de los Ángeles Rodríguez Elizalde; secretario Alejandro Alarcón; vocal Ma. Teresa Colinas León; suplente José Merced Mejía Muñoz; suplente Samuel Sánchez Domínguez
264 #1 - PRODUCCIÓN, PUBLICACIÓN, DISTRIBUCIÓN, FABRICACIÓN Y COPYRIGHT
Producción, publicación, distribución, fabricación y copyright Chapingo, México :
Nombre del de productor, editor, distribuidor, fabricante El autor,
Fecha de producción, publicación, distribución, fabricación o copyright 2024.
300 ## - DESCRIPCIÓN FÍSICA
Extensión 1 recurso en línea (98 páginas):
Otras características físicas cuadros, figuras.
336 ## - TIPO DE CONTENIDO
Fuente rdacontent
Término de tipo de contenido texto
Código de tipo de contenido txt
337 ## - TIPO DE MEDIO
Fuente rdamedia
Nombre/término del tipo de medio computadora
Código del tipo de medio c
338 ## - TIPO DE SOPORTE
Fuente rdacarrier
Nombre/término del tipo de soporte recurso en línea
Código del tipo de soporte cr
502 ## - NOTA DE TESIS
Tipo de título Ingeniero Agrónomo Especialista en Fitotecnia
Nombre de la institución que otorga el título Departamento de Enseñanza, Investigación y Servicio en Fitotecnia,
Año de obtención del título 2024.
Información miscelánea Licenciatura
504 ## - NOTA DE BIBLIOGRAFÍA, ETC.
Nota de bibliografía, etc. Incluye referencias bibliográficas: páginas 74-88.<br/><br/><br/><br/><br/><br/><br/><br/><br/><br/><br/><br/><br/><br/><br/><br/><br/><br/><br/><br/><br/><br/><br/><br/><br/><br/><br/><br/><br/><br/><br/><br/><br/><br/><br/><br/><br/><br/><br/><br/><br/><br/><br/><br/><br/><br/>++.
520 ## - SUMARIO, ETC.
Sumario, etc. En el mundo actual, la agricultura enfrenta varios desafíos para mantener e incrementar los rendimientos en los diferentes cultivos para satisfacer las demandas; sin embargo, esto ha incrementado las dosis de fertilizantes sintéticos utilizados con lo cual no solo se elevan los costos de producción, sino que también se causan daños de contaminación al suelo y mantos freáticos. Por ello, se han orientado nuevas investigaciones hacia el desarrollo de biotecnologías que permitan optimizar el uso de los fertilizantes sintéticos, manteniendo e incrementando rendimientos sin aumentar costos de producción ni causar daños al ambiente. Esto ha provocado que exista un interés creciente por las Rizobacterias Promotoras del Crecimiento Vegetal (RPCV) las cuales hacen referencia a aquellas bacterias que habitan la rizosfera y que benefician el crecimiento y desarrollo de las plantas mediante diferentes mecanismos. Así, en múltiples investigaciones realizadas, se ha demostrado el potencial de las bacterias del género Bacillus como RPCV. Este trabajo evaluó el desarrollo vegetal y producción de Zinnia elegans jack. En presencia de Bacillus megaterium y diferentes dosis de fertilización a dosis de 250 g para el tratamiento 100% (T5), 187.5 g para el tratamiento 75% (T4), 125 g para el tratamiento 50% (T3), 62.5 g para el tratamiento 25% (T2) y 0 g para el tratamiento 0% (T1). Se realizó un experimento en el invernadero de Flores de corte de la Academia de Floricultura del Departamento de Fitotecnia de la Universidad Autónoma Chapingo en el municipio de Texcoco, Estado de México. Se estableció un diseño factorial de 2 X 5 con 10 unidades experimentales y 15 repeticiones en cada tratamiento. Se utilizaron macetas plásticas negras de 6 pulgadas y para el sustrato se utilizó peat moss y perlita en proporción 2:1, respectivamente. Durante el desarrollo del experimento se aplicaron tres fertilizaciones las cuales fueron aplicadas a los 24, 28 y 33 dds (días después de siembra). Se realizaron dos tomas de datos, en la etapa vegetativa a los 35 dds y posteriormente a los 67 dds en etapa reproductiva. Las variables evaluadas fueron: altura, número de ramificaciones, amplitud de la planta, número de hojas, número de botones florales, contenido de clorofila en hojas, emisión de fluorescencia de la clorofila a del fotosistema II en las hojas, peso fresco de la parte aérea de la planta, peso fresco de raíz, volumen de raíz (en fresco), peso seco de la parte aérea de la planta y peso seco de raíz. El análisis estadístico de los datos obtenidos se ejecutó con ayuda de Excel, en donde se realizó un análisis de varianza (Anova) de dos factores y la prueba de comparación de medias de Tukey. De manera general y viendo la aplicación práctica a unidades de producción en campo de las condiciones que se manipularon en el experimento (inoculación con B. megaterium y los niveles de fertilización), se concluye que el mejor tratamiento fue el T3, notándose que con el 50% de fertilización la bacteria tiene mejores resultados comparado con la aplicación del 100% de fertilización lo cual incrementa, además, los costos de producción.
650 #4 - PUNTO DE ACCESO ADICIONAL DE MATERIA--TÉRMINO DE MATERIA
Término de materia o nombre geográfico como elemento de entrada Bacillus megaterium como fertilizante
9 (RLIN) 191042
650 #4 - PUNTO DE ACCESO ADICIONAL DE MATERIA--TÉRMINO DE MATERIA
Término de materia o nombre geográfico como elemento de entrada Zinnia elegans
Subdivisión general Crecimiento
9 (RLIN) 191043
650 #4 - PUNTO DE ACCESO ADICIONAL DE MATERIA--TÉRMINO DE MATERIA
Término de materia o nombre geográfico como elemento de entrada Zinnia elegans
Subdivisión general Rendimiento
9 (RLIN) 191044
700 1# - PUNTO DE ACCESO ADICIONAL--NOMBRE DE PERSONA
Nombre de persona Rodríguez Elizalde, María de los Angeles
9 (RLIN) 98460
Término indicativo de función/relación director.
700 1# - PUNTO DE ACCESO ADICIONAL--NOMBRE DE PERSONA
Nombre de persona Alarcón, Alejandro
9 (RLIN) 3379
Código de función/relación secretario.
700 1# - PUNTO DE ACCESO ADICIONAL--NOMBRE DE PERSONA
Nombre de persona Colinas León, Ma. Teresa
9 (RLIN) 148683
Código de función/relación vocal.
700 1# - PUNTO DE ACCESO ADICIONAL--NOMBRE DE PERSONA
Nombre de persona Mejía Muñoz, José Merced
9 (RLIN) 74277
Código de función/relación suplente.
700 1# - PUNTO DE ACCESO ADICIONAL--NOMBRE DE PERSONA
Nombre de persona Sánchez Domínguez, Samuel
9 (RLIN) 158308
Código de función/relación suplente.
856 ## - LOCALIZACIÓN Y ACCESO ELECTRÓNICOS
Identificador Uniforme del Recurso http://10.13.5.2/tesis/tl/1412111-2_REYES_SOLORZANO_JUANANTONIO.pdf
Nota pública DESCARGAR PDF
942 ## - ELEMENTOS DE PUNTO DE ACCESO ADICIONAL (KOHA)
Fuente del sistema de clasificación o colocación Clasificación Universidad Autónoma Chapingo
Tipo de ítem Koha Tesis digital
Holdings
Estado de retiro Estado de pérdida Fuente del sistema de clasificación o colocación Estado dañado Restricciones de uso No para préstamo Código de colección Localización permanente Ubicación/localización actual Ubicación en estantería Fecha de adquisición Total de préstamos Signatura topográfica completa Fecha visto por última vez Precio válido a partir de Tipo de ítem Koha
    Clasificación Universidad Autónoma de Chapingo   Préstamo interno   Tesis digitales de Licenciatura Biblioteca Digital Biblioteca Digital En línea 07/08/2025   Tesis digital 07/08/2025 07/08/2025 Tesis digital